| 000 | 00482nam a2200181Ia 4500 | ||
|---|---|---|---|
| 003 | LK-CoDNM | ||
| 005 | 20240226124046.0 | ||
| 008 | 010623t1892 xxu||||| |||| 00| 1 sin d | ||
| 040 |
_aLK-CoDNM _dLK-CoDNM _eLK-CoDNM |
||
| 041 | _asin | ||
| 080 | _a104 U19 | ||
| 100 | _aJohn fernando,N | ||
| 245 | _aවෝල්ඩින් සහ ටර්ජිනා | ||
| 246 | _aWaldin and Turjina | ||
| 260 |
_bB.J.Perera _aColombo _c1892 |
||
| 300 |
_bDamaged _a21p., 21 cm |
||
| 942 | _cBK | ||
| 999 |
_c83612 _d83612 |
||